000 00706cab a2200217 4500
001 ABS42407
008 090401t1990 xxu||||| |||| 00| 0 eng d
035 _a(Sirsi) u36615
041 _aeng
100 _aReina, P.
245 _aChinese whispers
260 _c1990
350 _a0
490 _aBuilding
_v255(7639) 16 March 1990, 71-73(3)
520 _aExamines how one developer , Swire is tackling the problems facing Hong Kong s construction industry , the reversion to Chinese rule in 1997, a skilled labour shortage and a dislike of management contracting .
650 _aCHINA
650 _aLABOUR SHORTAGE
690 _aOVERSEAS-REST OF THE WORLD
942 _n0
948 _c04/03/1997
999 _c23724
_d23724